Geodesics and ends in certain surfaces without conjugate points

Αποθηκεύτηκε σε:
Λεπτομέρειες βιβλιογραφικής εγγραφής
Κύριος συγγραφέας: Eberlein, Patrick 1944-
Μορφή: Βιβλίο
Γλώσσα:English
Δημοσίευση: Providence : American Mathematical Society, 1978
Σειρά:Memoirs of the American Mathematical Society ; ; 199
Θέματα:
Ετικέτες: Προσθήκη ετικέτας
Δεν υπάρχουν, Καταχωρήστε ετικέτα πρώτοι!

MARC

LEADER 00000cam a2200000 i 4500
001 1/48635
008 941103s1978 eng d
020 |a 0821821997 
035 |l 10043391 
035 |a 1993 
040 |a GR-MY-UA  |b gre  |e aacr 
041 0 |a eng 
082 0 |a 516.36 
100 1 |a Eberlein, Patrick  |d 1944- 
245 1 0 |a Geodesics and ends in certain surfaces without conjugate points /  |c Patrick Eberlein 
260 |a Providence :   |b American Mathematical Society,   |c 1978 
300 |a iv, 111 p.;  |c 26 cm 
490 1 |a Memoirs of the American Mathematical Society  |v ; 199 
500 |a "Volume 13, issue 2 ... (first of 2 numbers)" 
504 |a Bibliography: p. 110-111 
650 0 0 |a Geometry, Differential. 
650 0 0 |a Riemann surfaces. 
650 0 0 |a Manifolds (Mathematics) 
650 0 0 |a Geodesics (Mathematics) 
830 0 |a Memoirs of the American Mathematical Society ;  |v ; 199 
852 |a INST  |b SAMOS  |e 19941103  |h 516.36 EBE  |p 005300007656  |q 005300007656  |t BK  |y 0 
909 |a Σ  |b 033385